| 000 | 01231nam a2200253 a 4500 | ||
|---|---|---|---|
| 001 | |||
| 003 | DO-SdBNP | ||
| 005 | 20211112075824.0 | ||
| 008 | 140327s2014 dr ac 000 0 spa d | ||
| 020 | _a9789945586060 | ||
| 040 |
_aDO-SdBNP _bspa _cBPMSU |
||
| 082 |
_a027.5 _bM533t 2014 _222 |
||
| 111 | 2 |
_aEncuentro Nacional de Archivos _n(3: _d2010 : 11-13 nov. _cSanto Domingo ) |
|
| 245 | 1 | 0 |
_aMemorias del III Encuentro Nacional de Archivos / _cedición al cuidado de Raymundo Gónzalez, ... [et al]. |
| 260 |
_aSanto Domingo : _bArchivo General de la Nación, _c2014. |
||
| 300 |
_a295 p. : _bil. ; _c28 cm. |
||
| 490 | 0 |
_aArchivo General de la Nación _v212 |
|
| 505 | 0 |
_gPresentación -- _gInauguración. _gDiscurso de apertura / _rDoctor Roberto Cassá -- _gReconocimiento a Miguel Cocco un memoriam -- _tLos sistemas de archivos: aspectos teóricos y normativos -- _tLos sistemas y sus ámbitos de aplicación -- _tEl sistema institucional de archivos: gestión documental en el entorno digital -- _gAnexos. |
|
| 590 | _aInventariado,2021/VM | ||
| 650 | 4 |
_aArchivos _zRepública Dominicana _xCongresos, conferencias, etc |
|
| 710 | 2 | _aArchivo General de la Nación (República Dominicana) | |
| 910 | _aVMateo V. | ||
| 942 |
_2ddc _cBK |
||
| 999 |
_c13870 _d13870 |
||